| 000 | 00603nam a2200229Ia 4500 | ||
|---|---|---|---|
| 008 | 160803s9999 xx 000 0 und d | ||
| 020 | _a9780590672955 | ||
| 100 | _aKatz, Bobbi | ||
| 245 | _aGerms! germs! germs! / | ||
| 245 | _cby Bobbi Katz ; illustrated by Steve Bjorkman. | ||
| 260 | _aNew York : | ||
| 260 | _bScholastic Inc. | ||
| 260 | _c1996 | ||
| 300 | _a1 volume. (unpaged) : | ||
| 300 | _bcolor ilustrations. ; | ||
| 300 | _c23 cm. | ||
| 650 | _aBacteria -- | ||
| 650 | _aViruses -- | ||
| 650 | _xJuvenile literature. | ||
| 650 | _xJuvenile literature. | ||
| 700 | _a170 | ||
| 999 |
_c299694 _d299694 |
||